[Event "Vienna op"]
[Site "Vienna"]
[Date "1986.??.??"]
[Round "?"]
[White "Spassky, Boris V"]
[Black "Dueckstein, Andreas"]
[Result "1/2-1/2"]
[WhiteElo "2610"]
[BlackElo "2350"]
[PlyCount "50"]
[EventDate "1986.01.??"]
[Source "ChessBase"]

1. c4 Nf6 2. d4 e6 3. Nc3 Bb4 4. Bg5 h6 5. Bh4 Bxc3+ 6. bxc3 d6 7. Nf3 Nbd7 8. Nd2 e5 9. e3 Qe7 10. Bd3 Nf8 11. c5 dxc5 12. O-O Ng6 13. Bxf6 gxf6 14. Qh5 Rg8 15. Rab1 cxd4 16. cxd4 Be6 17. Be4 c6 18. Rfc1 Rc8 19. Nc4 Rc7 20. Na5 f5 21. d5 cxd5 22. Bxf5 Bxf5 23. Qxf5 Kf8 24. g3 Rxc1+ 25. Rxc1 Kg7 1/2-1/2

[Event "Keres mem"]
[Site "Tallinn"]
[Date "1983.??.??"]
[Round "10"]
[White "Nei, Iivo"]
[Black "Ehlvest, Jaan"]
[Result "0-1"]
[WhiteElo "2495"]
[BlackElo "2460"]
[PlyCount "80"]
[EventDate "1983.02.??"]
[Source "ChessBase"]

1. d4 Nf6 2. c4 e6 3. Nc3 Bb4 4. Bg5 c5 5. d5 h6 6. Bh4 Bxc3+ 7. bxc3 e5 8. d6 Nc6 9. Qc2 g5 10. Bg3 Nh5 11. e3 Qf6 12. Rd1 Qe6 13. Be2 Nxg3 14. hxg3 b6 15. Nf3 Qf6 16. Rh5 Bb7 17. Nxg5 hxg5 18. Qf5 Qg7 19. Qxg5 Kf8 20. Rxh8+ Qxh8 21. Qf5 Rd8 22. Kd2 Na5 23. Kc2 Bc6 24. Qg5 Re8 25. Kb2 e4 26. f4 exf3 27. gxf3 Re5 28. Qf4 Re6 29. g4 Qe5 30. Qxe5 Rxe5 31. e4 Nb7 32. Bd3 Nxd6 33. f4 Re7 34. e5 Ne8 35. Rd2 d6 36. exd6 Nxd6 37. g5 Be4 38. Bf1 Rd7 39. Rh2 Kg7 40. Kb3 Bf5 0-1

[Event "Zuerich sim"]
[Site "Zurich SUI"]
[Date "1988.??.??"]
[Round "?"]
[White "Timman, Jan H"]
[Black "Ballmann, Martin"]
[Result "1-0"]
[WhiteElo "2675"]
[BlackElo "2280"]
[PlyCount "71"]
[EventDate "1988.??.??"]
[Source "www.chesslib.no"]
[SourceDate "2004.05.04"]

1. d4 Nf6 2. c4 e6 3. Nc3 Bb4 4. Bg5 h6 5. Bh4 a5 6. d5 exd5 7. cxd5 d6 8. e3 O-O 9. Bd3 Nbd7 10. Nge2 Ne5 11. O-O Ng6 12. Bxf6 Qxf6 13. Ne4 Qe7 14. Qc2 Ne5 15. N4g3 Nxd3 16. Qxd3 c5 17. e4 b5 18. f4 c4 19. Qf3 f5 20. Nxf5 Bxf5 21. exf5 Rae8 22. Ng3 Qe3+ 23. Qxe3 Rxe3 24. Rad1 Kf7 25. Rf2 Rfe8 26. Rc2 c3 27. bxc3 Rxc3 28. Rxc3 Bxc3 29. Kf2 Rc8 30. Ne4 Bb4 31. Kf3 Rc2 32. Rb1 Ba3 33. Rb3 Rxa2 34. Rc3 Bc5 35. Nxc5 dxc5 36. Rxc5 1-0

[Event "GER Ch 74th"]
[Site "?"]
[Date "2002.11.25"]
[Round "4"]
[White "Breutigam Martin"]
[Black "Bischoff Klaus"]
[Result "1-0"]
[WhiteElo "2398"]
[BlackElo "2554"]
[PlyCount "47"]
[EventDate "2002.??.??"]
[Source "www.chesslib.no"]
[SourceDate "2004.05.04"]

1. d4 Nf6 2. c4 e6 3. Nc3 Bb4 4. Bg5 h6 5. Bh4 c5 6. dxc5 Bxc5 7. e3 Be7 8. Nf3 d6 9. Be2 a6 10. O-O Qc7 11. Rc1 O-O 12. Nd4 Nbd7 13. f4 Re8 14. Bd3 b6 15. g4 Nf8 16. g5 N6h7 17. Qh5 hxg5 18. fxg5 g6 19. Qh6 Bb7 20. Rf6 Qc5 21. Nd5 exd5 22. Rxf7 Kxf7 23. Bxg6+ Kg8 24. Nf5 1-0